Účtovanie zákazkovej výroby u zhotoviteľa
Zákazkovou výrobou sa rozumie vytvorenie jednotlivého hmotného majetku, alebo kombinácie hmotných majetkov, ktoré spolu súvisia, alebo sú navzájom závislé vzhľadom na ich dizajn, technológiu, účel alebo použitie na základe zmluvy. Prehľad účtovania pri zákazkovej výrobe. Príklady účtovania, keď je k...
Enregistré dans:
| Auteur principal: | |
|---|---|
| Format: | Chapitre de livre |
| Langue: | slovaque |
| Sujets: | |
| Tags: |
Pas de tags, Soyez le premier à ajouter un tag!
|
MARC
| LEADER | 00000naa a2200000 4500 | ||
|---|---|---|---|
| 001 | 0283753 | ||
| 005 | 20240417075205.8 | ||
| 041 | 0 | |a slo | |
| 044 | |a SK | ||
| 245 | 1 | 0 | |a Účtovanie zákazkovej výroby u zhotoviteľa |c Anton Kolembus |
| 520 | |a Zákazkovou výrobou sa rozumie vytvorenie jednotlivého hmotného majetku, alebo kombinácie hmotných majetkov, ktoré spolu súvisia, alebo sú navzájom závislé vzhľadom na ich dizajn, technológiu, účel alebo použitie na základe zmluvy. Prehľad účtovania pri zákazkovej výrobe. Príklady účtovania, keď je kalkulovaný zo zákazky zisk a príklady účtovania, keď je zo zákazky kalkulovaná strata. Účtovanie zákazkovej výroby pri zmene rozpočtu. | ||
| 610 | 2 | 0 | |a účtovníctvo podvojné |
| 610 | 2 | 0 | |a účtovanie |
| 610 | 2 | 0 | |a výroba zákazková |
| 610 | 2 | 0 | |a majetok hmotný |
| 610 | 2 | 0 | |a zmluvy |
| 610 | 2 | 0 | |a dodávatelia |
| 610 | 2 | 0 | |a odberatelia |
| 100 | 1 | |a Kolembus, Anton | |